000 00888nam a22001937a 4500
003 BR-ViAPE
005 20260422125114.0
008 260422s1923 por gs||||s000 0 por d
040 _cBR-ViAPE
110 _aEspírito Santo
_bEstado
245 _aMensagem apresentada pelo Presidente Nestor Gomes ao Congresso Legislativo do Estado do Espírito Santo, em 3 de maio de 1923
260 _aVitória
_bOfficinas da Imprensa Estadual
_c1923
300 _a16 p.
_bDocumento digitalizado (PDF)
500 _aDocumento digitalizado do acervo institucional do Arquivo Público do Estado do Espírito Santo - APEES.
650 _aAdministração pública
_zEspírito Santo
651 _aEspírito Santo
_xAdministração pública
856 _uhttps://ape.es.gov.br/Media/ape/PDF/Mensagens/Mensagem-2024/Mensagem%20-%20ano%201923.pdf
_yCLIQUE AQUI PARA ACESSAR O DOCUMENTO
942 _2ddc
_cMSGREL
_n1
999 _c559
_d559